Selbs Justiz : Roman
Αποθηκεύτηκε σε:
| Κύριος συγγραφέας: | |
|---|---|
| Άλλοι συγγραφείς: | |
| Μορφή: | Βιβλίο |
| Γλώσσα: | German |
| Δημοσίευση: |
[Zurich] :
Diogenes,
[1997]
|
| Σειρά: | Diogenes Taschenbuch ;
21543 |
| Θέματα: | |
| Ετικέτες: |
Προσθήκη ετικέτας
Δεν υπάρχουν, Καταχωρήστε ετικέτα πρώτοι!
|
MARC
| LEADER | 00000cam a2200000 i 4500 | ||
|---|---|---|---|
| 001 | 1/30252 | ||
| 008 | 060526s1987 sw | ||| |||| ||ger|| | ||
| 020 | |a 3257215436 | ||
| 035 | |l 10084101 | ||
| 040 | |a GR-MyUa |b gre |e AACR2 | ||
| 041 | 0 | |a ger | |
| 082 | 7 | |a 833.914 |2 (22) | |
| 100 | 1 | |a Schlink, Bernhard. | |
| 245 | 1 | 0 | |a Selbs Justiz : |b Roman / |c Bernhard Schlink ; Walter Popp. |
| 260 | |a [Zurich] : |b Diogenes, |c [1997] | ||
| 300 | |a 346 σ. ; |c 19 εκ. | ||
| 490 | 1 | |a (Diogenes Taschenbuch ; |v 21543) | |
| 650 | 0 | 0 | |a Mystery |x Fiction. |
| 650 | 0 | 0 | |a German fiction |y 20th century. |
| 651 | 0 | |a Germany |x Fiction. | |
| 700 | 1 | |a Popp, Walter, |d 1948- | |
| 767 | 0 | 8 | |i Μεταφρασμένο ως: |t Διαβάζοντας στη Χάννα ; Απόδοση δικαιοσύνης / |
| 830 | 0 | |a Diogenes Taschenbuch ; |v 21543 | |
| 852 | |a INST |b RHODES |e 20060526 |h 833.914 SCH |p 005400023455 |q 005400023455 |t BK |y 0 | ||
| 901 | |a BIBL4-2006-2 | ||
| 970 | |a Κόζα |b Μαρία |z 2006/05/26 | ||